MDQL
is popping MORE tags! Check the
thread
!
Quizzes
Events
Quiz Creation
Community
Videos
Private Events
Remove Ads
Sign In
Join for FREE
Feedback
Dark Mode
Quiz Categories
Sports
Geography
Music
Movies
Television
Just For Fun
Miscellaneous
History
Literature
Language
Science
Gaming
Entertainment
Religion
Holiday
For Kids
Quiz Lab
Recent
Popular Today
Quiz Kudos Today
Editor Picks
Curator Picks
Quizzes by...
Day
Popularity
Type
Ratings
Length
Year
Community
Subscriptions
Recent Discussions
Orange Saloon
Badges
Playlists
Quests
Create
Leaderboards
Showdown
Live 5
Trivia Bingo
Activity
Puzzle Library
Sporcle Events
Private Events
Virtual Trivia
Globe League
Become a Host
Pub Owners
SporcleCon
Opinionation
Our Games
Videos
Blog
Mobile Apps
Partnerships
Remove Ads and Go Orange
Feedback
Science
Computer
Plants
Astronomy
Chemistry
Elements
Math
Animal
Physics
Anatomy
Biology
Geology
General Science
Science
Computer
Plants
Astronomy
Chemistry
Elements
Math
Animal
Physics
Anatomy
Biology
Geology
General Science
Random Quiz
Search Sporcle
×
Quiz Lab
Quiz Lab
Science
Either
Type in answers that appear in a list
Type in answers that appear in a list
Classic
Best Score? Go Orange.
Physical and Chemical Properties Stats
Can you name the Physical and Chemical Properties?
By
mrscarricksriver
6m
20 Questions
1,746 Plays
1,746 Plays
1,746 Plays
Comments
Comments
Give Quiz Kudos
Give Quiz Kudos
-
- Ratings
hide this ad
Forced Order
Answers have to be entered in order
Answers have to be entered in order
Wrong Answers
Some wrong answers will appear in red
Some wrong answers will appear in red
Replay
Link that replays current quiz
Next Quiz
Link to next quiz in quiz playlist
You Got
0%
They Got
Avg Score
77%
Avg Friend Score
Upgrade to see
Score Distribution
Jump to the score distribution portion of the page
Score
0/20
Timer
06:00
0
Plays Today
Identify the best choice that completes
Enter either physical or chemical as you
% Correct
This kind of property describes matter.
???
95.5%
_
_
_
_
_
_
_
_
_
_
properties usually describe how a substance reacts
???
94.2%
The tree is 8 meters high.
???
86.1%
Sodium reacts very easily with other elements.
???
85.4%
Diamonds are a very hard substance.
???
84.9%
_
_
_
_
_
_
_
_
_
_
properties are not as easy to observe.
???
82.9%
Water is a liquid.
???
82.4%
The color of the ball is red.
???
81.7%
_
_
_
_
_
_
_
_
_
_
properties of a substance can be observed.
???
80.6%
One can use their five senses to determine the _
_
_
_
_
_
_
_
_
_
properties of a substance.
???
80.5%
Identify the best choice that completes
Enter either physical or chemical as you
% Correct
Iron reacts with oxygen and forms rust.
???
80%
Alka-
Seltzer tablets react with water to produce gas.
???
79.9%
The density of water is 1.0 g per ml.
???
79.2%
Copper turns green when exposed to the environment.
???
76.4%
The mass of the NaCl sample is 30 grams.
???
74.7%
The piece of metal is magnetic.
???
70.5%
Oxygen is odorless and colorless.
???
66.4%
_
_
_
_
_
_
_
_
_
_
properties can be used to identify substances.
???
60.4%
Gold is nonflammable.
???
59.5%
Copper conducts electricity.
???
49.7%
Quiz Playlist
Details
Report
Send in Message
Add To Playlist
Classic:
Type in answers that appear in a list
Forced Order:
Answers have to be entered in order
Wrong Answers:
Some wrong answers will appear in red
Last Updated: Feb 16, 2017
Quiz Scoreboard
CHALLENGE
Sign Up to Join the Scoreboard
Show All
Scores
Hide
Comments
May contain spoilers
Recently Published
Find the 'City' Movie
by crazypaving
Movies
60s
5x2 Blitz: Bands
by SL_Kpop136
Music
30s
Colored Red Africa Blitz
by spor1
Geography
30s
More to Explore
Quiz From the Vault
Featured Blog Post
14 Easter Pick-up Lines to Find Eggs With
hide this ad
You Might Also Like...
Tags
complete
Either
Identify
Physical
Property
Today's Top Quizzes in Science
Browse Science
hide this ad
Today's Top Quizzes in Either
Browse Either
Top Contributed Quizzes in Science
1
Windmill: Elements
2
Glycolysis
3
Square Numbers Scrambled (1-50)
4
17 TIMES TABLE
5
Elements In Images
6
Astronomy Spelling Bee
7
The First 100 Digits of Pi
8
3-letter Elementary Words
9
'C' Flowers II
10
Multiplication 12-19
Explore More
Trending Topics
Marvel
Harry Potter
Kpop
Disney
Crossword
NBA
Anime
NFL
Song
Puzzle
The Office
Soccer
Country
Pokémon
WWE
hide this ad
More By:
mrscarricksriver
Quiz
Plays
Rating
Category
Featured
Created
Physical and Chemical Changes
2,024
4.00
Science
Dec 26, 2012
Physical and Chemical Properties
1,746
Science
Dec 26, 2012
Earthquakes
45
Science
Mar 7, 2013
Go to Creator's Profile
Score Distribution
Quiz Creator Spotlight
mrscarricksriver
Follow
Send a Message
Quizzes Created
-
Created Quiz Play Count
-
More By This Creator
Popular Quizzes Today
1
Colored Red Africa Blitz
2
Find the 'City' Movie
3
Find the US States - No Outlines Minefield
4
5x2 Blitz: Bands
5
The Countries of the World
6
Find the US States
7
Find the Countries of Europe - No Outlines Minefield
8
US States
More Science Quizzes
Sorting The Planets
Curator's Pick
Trending Quizzes
Colored Red Europe Blitz I
Colored Red Africa Blitz II
Colored Red Europe Blitz II
Colored Red Europe Blitz III
Colored Red Africa Blitz III
Recently Updated
How Do You Spell That?
pecheneg
Godzilla Movies
pecheneg
Grab Bag: 4-10 Letters
pecheneg
2024 March Madness Bracket
pecheneg
Famous TV Couples
Peacemaker
Champions League XIs: Real Madrid
pecheneg
Largest US Cities 1790-2010
pecheneg
Rides in Walt Disney World
pecheneg
Most Oscar Losses (Acting)
pecheneg
Beyoncé Albums
pecheneg
Trending Topics
Disney
Kpop
NBA
Marvel
Crossword
Anime
Harry Potter
Soccer
Puzzle
The Office
Song
Pokémon
Country
WWE
NFL
Your Account Isn't Verified!
In order to create a playlist on Sporcle, you need to verify the email address you used during registration. Go to your
Sporcle Settings
to finish the process.
Report this User
Report this user for behavior that violates our
Community Guidelines
.
Details:
Send Report
Go to the Sporcle.com Mobile Site →
Comments